| 000 | 01654cab a2200505 4500 | ||
|---|---|---|---|
| 001 | ABS55742 | ||
| 008 | 090401t1996 xxu||||| |||| 00| 0 eng d | ||
| 035 | _a(Sirsi) u18492 | ||
| 041 | _aeng | ||
| 100 | _aWilliams, D. | ||
| 245 | _aRestrictive covenants | ||
| 260 | _c1996 | ||
| 350 | _a0 | ||
| 490 |
_aEstates Gazette _v(9634) 24 August 1996, 88-91(4) |
||
| 520 | _aA round up of recent decisions concerning the modification and discharge of restrictive covenants. | ||
| 650 | _aBEECHWOOD HOMES LTDS APPLICATION | ||
| 650 | _aBROMOR PROPERTIES LTDS APPLICATION | ||
| 650 | _aCORNICKS APPLICATION | ||
| 650 | _aDISCHARGE | ||
| 650 | _aFISHER & GIMSTON (BUILDERS) LTDS APPLICATION | ||
| 650 | _aHOPCRAFTS APPLICATION | ||
| 650 | _aHOUNSLOW AND EALING LBCS APPLICATION | ||
| 650 | _aHYDESHIRE LTDS APPLICATION | ||
| 650 | _aKALSIS APPLICATION | ||
| 650 | _aLAW OF PROPERTY ACT 1925 S84(1)(A) | ||
| 650 | _aLOVES AND LOVES APPLICATION | ||
| 650 | _aMILIUSS APPLICATION | ||
| 650 | _aMODIFICATION | ||
| 650 | _aOBSOLETE | ||
| 650 | _aOREILLYS APPLICATION | ||
| 650 | _aPAGES APPLICATION | ||
| 650 | _aRE LLOYDS AND LLOYDS APPLICATION | ||
| 650 | _aRESTRICTIVE COVENANTS | ||
| 650 | _aS52 AGREEMENTS | ||
| 650 | _aSEVERN TRENT WATER LTDS APPLICATION | ||
| 650 | _aSNAITH AND DOLDINGS APPLICATION | ||
| 650 | _aSOLARFILMS (SALES) LTDS APPLICATION | ||
| 650 | _aTHIN END OF THE WEDGE | ||
| 650 | _aWALLACES & COS APPLICATION | ||
| 650 | _aWARDS CONSTRUCTION (MEDWAY) LTDS APPLICATION | ||
| 650 | _aWILLIAMSONS APPLICATION | ||
| 690 | _aPROPERTY LAW AND PRACTICE | ||
| 942 | _n0 | ||
| 948 | _c04/03/1997 | ||
| 999 |
_c12296 _d12296 |
||